<?xml version="1.0" encoding="UTF-8"?>
<collection xmlns="http://www.loc.gov/MARC21/slim">
 <record>
  <leader>     na                 </leader>
  <controlfield tag="001">INLIS000000000698574</controlfield>
  <controlfield tag="005">20251230044841</controlfield>
  <datafield tag="035" ind1=" " ind2=" ">
   <subfield code="a">0010-1125000128</subfield>
  </datafield>
  <controlfield tag="007">ta</controlfield>
  <controlfield tag="008">251230                g          1 ind  </controlfield>
  <datafield tag="040" ind1=" " ind2=" ">
   <subfield code="a">JIPUBAY</subfield>
  </datafield>
  <datafield tag="100" ind1="0" ind2=" ">
   <subfield code="a">Saras Dewi</subfield>
   <subfield code="e">Pengarang</subfield>
  </datafield>
  <datafield tag="245" ind1="1" ind2=" ">
   <subfield code="a">Kekasih teluk :</subfield>
   <subfield code="b">Kumpulan puisi /</subfield>
   <subfield code="c">Saras Dewi; Penyelia naskah, Teguh Afandi; Ilustrasi isi, Eka Dirgantara</subfield>
  </datafield>
  <datafield tag="250" ind1=" " ind2=" ">
   <subfield code="a">cetakan pertama</subfield>
  </datafield>
  <datafield tag="300" ind1=" " ind2=" ">
   <subfield code="a">xiii, 110 halaman :</subfield>
   <subfield code="b">ilustrasi ;</subfield>
   <subfield code="c">20,1 cm</subfield>
  </datafield>
  <datafield tag="020" ind1=" " ind2=" ">
   <subfield code="a">978-602-06-6316-6</subfield>
  </datafield>
  <datafield tag="082" ind1=" " ind2=" ">
   <subfield code="a">899.221 11</subfield>
  </datafield>
  <datafield tag="084" ind1=" " ind2=" ">
   <subfield code="a">899.221 11 SAR k</subfield>
  </datafield>
  <datafield tag="264" ind1=" " ind2=" ">
   <subfield code="a">Jakarta :</subfield>
   <subfield code="b">Penerbit Gramedia Pustaka Utama,</subfield>
   <subfield code="c">2022</subfield>
  </datafield>
  <datafield tag="336" ind1=" " ind2=" ">
   <subfield code="2">rdacontent</subfield>
   <subfield code="a">teks</subfield>
  </datafield>
  <datafield tag="337" ind1=" " ind2=" ">
   <subfield code="2">rdamedia</subfield>
   <subfield code="a">tanpa perantara</subfield>
  </datafield>
  <datafield tag="338" ind1=" " ind2=" ">
   <subfield code="2">rdacarrier</subfield>
   <subfield code="a">volume</subfield>
  </datafield>
  <datafield tag="520" ind1=" " ind2=" ">
   <subfield code="a">Puisi-puisi ini adalah cerita kemabukan cinta kepada Teluk. Puisi-puisi yang ditulis di Tanjung Benoa, di heningnya subuh di Sanur, dan pagi yang riuh di desa Sumerta Kaja, yang menyimpan pembelajaran hidup di Karangasem, di antara pematang sawah, atau terduduk dengan batin yang seringan helai daun, hanya ditemani pelukan hutan bambu. Hidup selalu membingungkan dan menakutkan. Namun, harapan tentang alam Bali selalu menjadi rasa kelegaan untuk tempat pulang.</subfield>
  </datafield>
  <datafield tag="850" ind1=" " ind2=" ">
   <subfield code="a">JIPUBAY</subfield>
  </datafield>
  <datafield tag="650" ind1=" " ind2="4">
   <subfield code="a">Puisi Indonesia -- Kumpulan</subfield>
  </datafield>
  <datafield tag="700" ind1="0" ind2=" ">
   <subfield code="a">Teguh Afandi</subfield>
   <subfield code="e">Penyunting</subfield>
  </datafield>
  <datafield tag="700" ind1="0" ind2=" ">
   <subfield code="a">Eka Dirgantara</subfield>
   <subfield code="e">Ilustrator</subfield>
  </datafield>
  <datafield tag="990" ind1=" " ind2=" ">
   <subfield code="a">01666/DPKBWI/2025</subfield>
  </datafield>
  <datafield tag="990" ind1=" " ind2=" ">
   <subfield code="a">01667/DPKBWI/2025</subfield>
  </datafield>
  <datafield tag="990" ind1=" " ind2=" ">
   <subfield code="a">01668/DPKBWI/2025</subfield>
  </datafield>
 </record>
</collection>
